Tyler, The Creator Spotify Discography - Statistics

General Stats
  • This quiz has been taken 29 times
  • The average score is 64 of 122
Answer Stats
Album Answer % Correct
Single GROUP B
92%
The Estate Sale EVERYTHING MUST GO
80%
IGOR EARFQUAKE
76%
IGOR NEW MAGIC WAND
76%
IGOR ARE WE STILL FRIENDS?
72%
CMIYGL CORSO
72%
IGOR GONE, GONE
72%
IGOR IGOR'S THEME
72%
IGOR I THINK
72%
CMIYGL LUMBERJACK
72%
Flower Boy See You Again
72%
The Estate Sale SORRY NOT SORRY
72%
CMIYGL WUSYANAME
72%
Flower Boy 911
68%
IGOR BOYFRIEND
68%
IGOR EXACTLY WHAT YOU RUN FROM YOU END UP CHASING
68%
CMIYGL HOT WIND BLOWS
68%
Cherry Bomb RUN
68%
Goblin She
68%
CMIYGL SWEET
68%
IGOR THANK YOU
68%
Flower Boy Who Dat Boy
68%
The Estate Sale BOYFRIEND, GIRLFRIEND
64%
Cherry Bomb CHERRY BOMB
64%
The Estate Sale DOGTOOTH
64%
Goblin Goblin
64%
IGOR I DON'T LOVE YOU ANYMORE
64%
Flower Boy Mr. Lonely
64%
IGOR RUNNING OUT OF TIME
64%
CMIYGL SIR BAUDELAIRE
64%
The Estate Sale WHARF TALK
64%
Wolf WOLF
64%
Single BEST INTEREST
60%
Cherry Bomb FUCKING YOUNG
60%
Flower Boy Garden Shed
60%
Goblin Her
60%
CMIYGL LEMONHEAD
60%
CMIYGL MOMMA TALK
60%
Cherry Bomb OKAGA, CA
60%
IGOR WHAT'S GOOD
60%
Wolf Bimmer
56%
Goblin Fish
56%
Wolf IFHY
56%
IGOR PUPPET
56%
CMIYGL RISE!
56%
CMIYGL SAFARI
56%
The Estate Sale STUNTMAN
56%
Goblin Yonkers
56%
Single 435
52%
Wolf Answer
52%
Cherry Bomb BUFFALO
52%
Wolf Colossus
52%
Wolf Domo23
52%
Flower Boy Droppin' Seeds
52%
Flower Boy Foreword
52%
CMIYGL I THOUGHT YOU WANTED TO DANCE
52%
CMIYGL JUGGERNAUT
52%
Wolf Lone
52%
CMIYGL MASSA
52%
Flower Boy November
52%
Wolf Parking Lot
52%
Wolf PartyIsntOver
52%
Single Peach Fuzz
52%
Cherry Bomb PERFECT
52%
Flower Boy Pothole
52%
Goblin Radicals
52%
CMIYGL RUNITUP
52%
Flower Boy Sometimes...
52%
Wolf Tamale
52%
Flower Boy Where This Flower Blooms
52%
CMIYGL WILSHIRE
52%
Wolf Awkward
48%
CMIYGL BLESSED
48%
Wolf Campfire
48%
Wolf Cowboy
48%
Cherry Bomb DEATHCAMP
48%
Flower Boy Enjoy Right Now, Today
48%
The Estate Sale HEAVEN TO ME
48%
Flower Boy I Ain't Got Time!
48%
CMIYGL MANIFESTO
48%
Goblin Sandwitches
48%
Goblin Steak Sauce
48%
Goblin Transylvania
48%
Wolf Treehome95
48%
Goblin Tron Cat
48%
Goblin Untitled 63
48%
The Estate Sale WHAT A DAY
48%
Cherry Bomb 2SEATER
44%
Wolf 48
44%
Goblin Analog
44%
Goblin AU79
44%
IGOR BOY IS A GUN*
44%
Goblin Burger
44%
Flower Boy Glitter
44%
Single OKRA
44%
Wolf Pigs
44%
Single Potato Salad
44%
Wolf Rusty
44%
Cherry Bomb SMUCKERS
44%
Wolf Trashwang
44%
Flower Boy Boredom
40%
Cherry Bomb FIND YOUR WINGS
40%
Goblin Golden
40%
Wolf Jamba
40%
Cherry Bomb KEEP DA O'S
40%
Cherry Bomb PILOT
40%
Wolf Slater
40%
Goblin Window
40%
Goblin B.S.D.
36%
The Grinch EP Big Bag
32%
The Grinch EP Hot Chocolate
32%
The Grinch EP Lights On
32%
The Grinch EP Whoville
32%
Cherry Bomb BLOW MY LOAD
28%
Single Cash In Cash Out
28%
The Grinch EP Cindy Lou's Wish
28%
Goblin Nightmare
28%
Single Tell Me How (Coca-Cola Commercial)
16%
Cherry Bomb THE BROWN STAINS OF DARKEESE LATIFAH PART 6-12 (REMIX)
16%
Single Automatic Driver - Tyler, The Creator Remix
12%
Single EARFQUAKE - Channel Tres Remix
12%
The Grinch EP When Gloves Come Off
12%
No matching quizzes found
Score Distribution
Percent of People with Each Score
Percentile by Number Answered
Your Score History
You have not taken this quiz